Zila Sonepat ke gramin va shahri bachchon ke vyaktitava ka tulnatmak adhayayan (Record no. 88908)

MARC details
000 -LEADER
fixed length control field 00349nam a2200133Ia 4500
008 - FIXED-LENGTH DATA ELEMENTS--GENERAL INFORMATION
fixed length control field 230917s9999||||xx |||||||||||||| ||und||
040 ## - CATALOGING SOURCE
-- 160818
Original cataloging agency VIVEKANANDA LIBRARY
041 ## - Language
-- English
082 ## - DDC NUMBER
Classification number 370 R14Z
100 ## - MAIN ENTRY--PERSONAL NAME
Personal name Ram Kuwar
245 #0 - TITLE STATEMENT
Title Zila Sonepat ke gramin va shahri bachchon ke vyaktitava ka tulnatmak adhayayan
300 ## - PHYSICAL DESCRIPTION
Pages 127 p.
942 ## - ADDED ENTRY ELEMENTS (KOHA)
Koha item type Thesis
Holdings
Withdrawn status Lost status Damaged status Not for loan Location (home branch) Sublocation or collection (holding branch) Date acquired Koha issues (times borrowed) Koha full call number Accession No. Koha date last seen Koha item type
        VIVEKANANDA LIBRARY VIVEKANANDA LIBRARY 27/08/2010   370 R14Z 169311 17/09/2023 Thesis
© Designed and Maintained by Vivekananda Library, MDU Rohtak